Turbo prolog (Record no. 67105)

000 -LEADER
fixed length control field 00382nam a22001697a 4500
003 - CONTROL NUMBER IDENTIFIER
control field NUST - PNEC
005 - DATE AND TIME OF LATEST TRANSACTION
control field 20170116181011.0
008 - FIXED-LENGTH DATA ELEMENTS--GENERAL INFORMATION
fixed length control field 150913b xxu||||| |||| 00| 0 eng d
020 ## - INTERNATIONAL STANDARD BOOK NUMBER
International Standard Book Number -
040 ## - CATALOGING SOURCE
Transcribing agency LIBRARY
082 ## - DEWEY DECIMAL CLASSIFICATION NUMBER
Classification number 005.133 TUR
100 ## - MAIN ENTRY--PERSONAL NAME
9 (RLIN) 10198
Personal name Turbo
245 ## - TITLE STATEMENT
Title Turbo prolog
Statement of responsibility, etc. Turbo
260 ## - PUBLICATION, DISTRIBUTION, ETC.
Date of publication, distribution, etc. c.1986
650 ## - SUBJECT ADDED ENTRY--TOPICAL TERM
9 (RLIN) 10201
Topical term or geographic name entry element Turbo prolog
Chronological subdivision MIS
942 ## - ADDED ENTRY ELEMENTS (KOHA)
Source of classification or shelving scheme
Koha item type Book
Holdings
Withdrawn status Lost status Source of classification or shelving scheme Damaged status Not for loan Permanent Location Current Location Shelving location Date acquired Total Checkouts Full call number Barcode Date last seen Price effective from Koha item type
          Pakistan Navy Engineering College (PNEC) Pakistan Navy Engineering College (PNEC)       005.133 TUR PNECLIB-014726 09/13/2015   Book
          Pakistan Navy Engineering College (PNEC) Pakistan Navy Engineering College (PNEC)       005.133 TUR PNECLIB-014729 10/01/2015   Book
          Pakistan Navy Engineering College (PNEC) Pakistan Navy Engineering College (PNEC)       005.133 TUR PNECLIB-014731 10/05/2015   Book
          Pakistan Navy Engineering College (PNEC) Pakistan Navy Engineering College (PNEC)   10/06/2015   005.133 TUR PNECLIB-014728 10/06/2015   Book
          Pakistan Navy Engineering College (PNEC) Pakistan Navy Engineering College (PNEC)   10/06/2015   005.133 TUR PNECLIB-014733 10/06/2015   Book
          Pakistan Navy Engineering College (PNEC) Pakistan Navy Engineering College (PNEC)   10/06/2015   005.133 TUR PNECLIB-014727 10/06/2015   Book
          Pakistan Navy Engineering College (PNEC) Pakistan Navy Engineering College (PNEC)   10/06/2015   005.133 TUR PNECLIB-014734 10/06/2015   Book
© 2023 Central Library, National University of Sciences and Technology. All Rights Reserved.